Seven master keys to triumphant Christian living. (Record no. 12669)

000 -LEADER
fixed length control field 00686nam a2200193 a 4500
001 - CONTROL NUMBER
control field :::00010483$&:&@@
003 - CONTROL NUMBER IDENTIFIER
control field OkBaRHE
005 - DATE AND TIME OF LATEST TRANSACTION
control field 20000607103359.0
008 - FIXED-LENGTH DATA ELEMENTS--GENERAL INFORMATION
fixed length control field j 000 0 eng u
040 ## - CATALOGING SOURCE
Transcribing agency
100 1# - MAIN ENTRY--PERSONAL NAME
Personal name Lindsay, Gordon (James Gordon), 1906-1973.
245 10 - TITLE STATEMENT
Title Seven master keys to triumphant Christian living.
260 ## - PUBLICATION, DISTRIBUTION, ETC. (IMPRINT)
Place of publication, distribution, etc Dallas, TX., :
Name of publisher, distributor, etc Christ For The Nations, Inc.
Date of publication, distribution, etc nd
300 ## - PHYSICAL DESCRIPTION
Extent 39 p. ;
Dimensions 21 cm.
650 ## - SUBJECT ADDED ENTRY--TOPICAL TERM
Topical term or geographic name as entry element Christian Life
942 ## - ADDED ENTRY ELEMENTS (KOHA)
Source of classification or shelving scheme
Koha item type Books
Copies
Date acquired Barcode Full call number Source of classification or shelving scheme Koha item type Withdrawn status Date last seen Not for loan Lost status Price effective from Copy number Permanent Location Shelving location Damaged status
2010-04-1410483BV 4501 .L5 Books 2010-04-14  2010-04-141RHEMA Bible Training CollegeGeneral Stacks 
2010-04-1416925BV 4501 .L5 Books 2010-04-14  2010-04-142RHEMA Bible Training CollegeGeneral Stacks